Pediatric clinical gastroenterology / (Record no. 4197)
[ view plain ]
| 000 -LEADER | |
|---|---|
| fixed length control field | 00924pam a2200253 i 4500 |
| 001 - CONTROL NUMBER | |
| control field | 4580530 |
| 005 - DATE AND TIME OF LATEST TRANSACTION | |
| control field | 20250223143314.0 |
| 008 - FIXED-LENGTH DATA ELEMENTS--GENERAL INFORMATION | |
| fixed length control field | 750707s1975 moua b 001 0 eng |
| 020 ## - INTERNATIONAL STANDARD BOOK NUMBER | |
| International Standard Book Number | 0801646138 |
| 050 00 - LIBRARY OF CONGRESS CALL NUMBER | |
| Classification number | RJ446 |
| Item number | .S47 1975 |
| 082 00 - DEWEY DECIMAL CLASSIFICATION NUMBER | |
| Classification number | 618.9/23 |
| 100 1# - MAIN ENTRY--PERSONAL NAME | |
| Personal name | Roy, Claude C., |
| Dates associated with a name | 1928- |
| 245 10 - TITLE STATEMENT | |
| Title | Pediatric clinical gastroenterology / |
| Statement of responsibility, etc. | Claude C. Roy, Arnold Silverman, Frank J. Cozzetto. |
| 250 ## - EDITION STATEMENT | |
| Edition statement | 2d ed. |
| 260 ## - PUBLICATION, DISTRIBUTION, ETC. | |
| Place of publication, distribution, etc. | Saint Louis : |
| Name of publisher, distributor, etc. | C. V. Mosby, |
| Date of publication, distribution, etc. | 1975. |
| 300 ## - PHYSICAL DESCRIPTION | |
| Extent | xii, 799 p. : |
| Other physical details | ill. ; |
| Dimensions | 26 cm. |
| 500 ## - GENERAL NOTE | |
| General note | First ed. by A. Silverman, C. C. Roy, and F. J. Cozzetto. |
| 650 #0 - SUBJECT ADDED ENTRY--TOPICAL TERM | |
| Topical term or geographic name entry element | Pediatric gastroenterology. |
| 650 #2 - SUBJECT ADDED ENTRY--TOPICAL TERM | |
| Topical term or geographic name entry element | Gastrointestinal diseases |
| General subdivision | In infancy and childhood. |
| 700 1# - ADDED ENTRY--PERSONAL NAME | |
| Personal name | Silverman, Arnold, |
| Dates associated with a name | 1933- |
| Relator term | joint author. |
| 700 1# - ADDED ENTRY--PERSONAL NAME | |
| Personal name | Cozzetto, Frank J., |
| Dates associated with a name | 1921- |
| Relator term | joint author. |
| 700 1# - ADDED ENTRY--PERSONAL NAME | |
| Personal name | Silverman, Arnold, |
| Dates associated with a name | 1933- |
| Title of a work | Pediatric clinical gastroenterology. |
| 942 ## - ADDED ENTRY ELEMENTS (KOHA) | |
| Source of classification or shelving scheme | Library of Congress Classification |
| Koha item type | Books |
| Edition | 2nd ed. |
| Suppress in OPAC | No |
| 999 ## - | |
| -- | 4197 |
| -- | 4197 |
| Withdrawn status | Lost status | Source of classification or shelving scheme | Damaged status | Not for loan | Collection | Home library | Current library | Shelving location | Date acquired | Total checkouts | Full call number | Barcode | Date last seen | Copy number | Price effective from | Koha item type |
|---|---|---|---|---|---|---|---|---|---|---|---|---|---|---|---|---|
| Library of Congress Classification | Non-fiction | Science Library (Miotso) | Science Library (Miotso) | General stacks | 02/23/2025 | RJ446 .S47 COZ | SLM00003836 | 02/23/2025 | 1 | 02/23/2025 | Books |